00779nam a2200193 i 4500001001100000003000500011005001700016008004100033040002500074082001600099245005900115264015200174300001000326336002100336337002500357338002300382500015700405650002300562C2-0301631PPAK20180728082901.0091217s1991 xx |||| ||||| | may d aPPAKbengcPPAKerda04a297.12222300aMajlih tilawah Al-Quran : bPeringkat kebangsaan ke-33 1a[place of publication not identified] : bJabatan Penerangan, Jawatankuasan Majlis Ujian Tilawah Al-Quran peringkatb kebangsaan 1411H/1991 , c1991 c23 cm 2rdacontentatext 2rdamediaaunmediated 2rdacarrieravolume aMajlis tilawah Al-Quran peringkat kebangsaan ke-33, Dewan Tuanku Syed Putra Universiti Sains Pulau Pinang 15-19 Rejab 1411H, 31 Januari - 4 Febuari 199110aKoran - Recitation